Concelhos de Vila Real - Statistics

Estatísticas Gerais
  • Esse quiz foi jogado 102 vezes
  • A pontuação média é 10 de 14
Respostas no mapa
Respostas codificadas por cores de uma escala verde-vermelha no mapa do quiz de acordo com a % correta abaixo.
 
Estatísticas das Respostas
Resposta % Correto
Vila Real
100%
Chaves
94%
Montalegre
85%
Boticas
79%
Mondim de Basto
76%
Alijó
71%
Murça
71%
Peso da Régua
71%
Santa Marta de Penaguião
71%
Mesão Frio
65%
Sabrosa
65%
Valpaços
62%
Vila Pouca de Aguiar
59%
Ribeira de Pena
53%
Nenhum quiz correspondente encontrado
Distribuição das Pontuações
Porcentagem de Pessoas com Cada Pontuação
Percentil de Números Respondidos
Sua Pontuação Histórica
Você não jogou esse quiz